000 01577nam a2200337 a 4500
999 _c148812
_d148812
003 BLK
005 20230915005204.0
008 180410b bul|||||r ||||||| ||bul||
010 _aKNG00155040000
040 _aBLK
041 _aBUL
_cBUL
080 _aПриспособления за изработване на снимките
_b771.4
_x-93-32
_z771.4-93-32
100 1 _aТухтабаев, Худайберди
_eпърви автор
_9131866
139 _aТухтабаев, Худайберди
_bТ 93
245 1 0 _aВълшебната шапка
_bПовест-приказка за нач. училищна възраст
_cХудайберди Тухтабаев; прев. от рус. Емилия Гергова; ил. Маглена Иванова Константинова.
257 _aUZB
260 _aСофия
_bНар. младеж
_c1977
300 _a192 с.
_bс ил.
_c20 см
380 _aDX
500 _aОриг. загл. Волшебная шапка / Х. Тухтабаев. - 5 137 тир.
700 1 _aГергова, Емилия
_eпрев. от рус.
_9315060
700 _aКонстантинова, Маглена Иванова
_eил.
_9247827
852 _aЦб 265802
856 4 _qpdf
_i0.56
_ldisable
856 4 _qpdf
_i0.56
_ldisable
942 _cKNG
_n0
_s1
944 _aCR
_c27.12.2013
_lCRON CRON
_k
944 _aED
_c19.09.2017
_l27.12.2013 - от С1,Р / 27.12.2013
_kСевдалина_Василева
999 _d148812
999 _d148812